| 000 | 00469nam a22001457a 4500 | ||
|---|---|---|---|
| 999 |
_c925 _d925 |
||
| 008 | 191231b ||||| |||| 00| 0 eng d | ||
| 082 | 0 | 0 |
_a621.165 _bK249 |
| 100 |
_974 _aKearton, William J. |
||
| 245 | 1 | 0 |
_aSteam turbine operation: a textbook on the installation, running, maintenance and testing of steam turbines _cby William J Kearton |
| 250 | _a6th | ||
| 260 |
_aLOndon _bSir Isaac Pitman & Sons _c1951 |
||
| 300 | _axx,650p. | ||
| 650 | 0 | _aSteam Turbines | |
| 942 | _cBK | ||